|
|
|
|
| LEADER |
00850nam a2200277 4500 |
| 001 |
DLU170181647 |
| 005 |
##20171102 |
| 040 |
# |
# |
|a DLU
|b vie
|
| 041 |
# |
# |
|a vie
|
| 044 |
# |
# |
|a vn
|
| 100 |
# |
# |
|a Phạm Ngọc Thúy.
|
| 245 |
# |
# |
|a Bustan và Gulistan của thi hào Saadi - Những triết lý vĩnh cửu /
|c Phạm Ngọc Thúy.
|
| 653 |
# |
# |
|a Đế vương
|
| 653 |
# |
# |
|a Người quân tử
|
| 653 |
# |
# |
|a Saadi
|
| 653 |
# |
# |
|a Trường ca Bustan (Vườn quả)
|
| 653 |
# |
# |
|a Trường ca Gulistan (Vườn hồng)
|
| 773 |
# |
# |
|t Nghiên cứu văn học
|g Số 3(517), 2015, tr. 114-120
|
| 920 |
# |
# |
|a Phòng Tạp chí --Trung tâm Thông tin - Thư viện Trường Đại học Đà Lạt
|
| 900 |
# |
# |
|a True
|
| 911 |
# |
# |
|a Lê Thị Hồng
|
| 925 |
# |
# |
|a G
|
| 926 |
# |
# |
|a A
|
| 927 |
# |
# |
|a BB
|
| 980 |
# |
# |
|a Thư viện Trường Đại học Đà Lạt
|